Рынок труда: учебник

书目详细资料
企业作者: Российская Академия Государственной службы при Президенте РФ
其他作者: Буланов В. С. (редактор), Волгин Н. А.
总结:Учебник с исчерпывающей полнотой дает представление о рынке труда как динамичной системе, первоосновой которой выступают отношения спроса и предложения, найма (распределения) рабочей силы и обмена ее на жизненные средства (реальную зарплату); раскрыты механизм ее действия и факторы, влияющие на спрос и предложение рабочей силы, ее мобильность и развитие. Структура учебника соответствует принципу движения от общего к особенному, от простого к сложному. В учебнике используются логический и статистический методы изучения, анализируется микро- и макроуровень, объекты и субъекты рыночных отношений, делаются выводы и обобщения. Учебник предназначен для студентов, слушателей, аспирантов, преподавателей, научных работников, хозяйственных руководителей, специалистов и государственных служащих.
语言:俄语
出版: Москва, Экзамен, 2007
版:3-е изд., перераб. и доп.
丛编:Учебник для вузов
主题:
格式: 图书
KOHA link:https://koha.lib.tpu.ru/cgi-bin/koha/opac-detail.pl?biblionumber=137334

MARC

LEADER 00000nam0a2200000 4500
001 137334
005 20231101220656.0
010 |a 9785377002451 
035 |a (RuTPU)RU\TPU\book\148830 
090 |a 137334 
100 |a 20040916d2007 m y0rusy50 ca 
101 0 |a rus 
102 |a RU 
105 |a y j 001zy 
200 1 |a Рынок труда  |e учебник   |f Российская Академия Государственной службы при Президенте РФ; под ред. В. С. Буланова; Н. А. Волгина 
205 |a 3-е изд., перераб. и доп. 
210 |a Москва  |c Экзамен  |d 2007 
215 |a 480 с. 
225 1 |a Учебник для вузов 
320 |a Словарь терминов: с. 457-469. 
320 |a Библиография: с. 470-476. 
330 |a Учебник с исчерпывающей полнотой дает представление о рынке труда как динамичной системе, первоосновой которой выступают отношения спроса и предложения, найма (распределения) рабочей силы и обмена ее на жизненные средства (реальную зарплату); раскрыты механизм ее действия и факторы, влияющие на спрос и предложение рабочей силы, ее мобильность и развитие. Структура учебника соответствует принципу движения от общего к особенному, от простого к сложному. В учебнике используются логический и статистический методы изучения, анализируется микро- и макроуровень, объекты и субъекты рыночных отношений, делаются выводы и обобщения. Учебник предназначен для студентов, слушателей, аспирантов, преподавателей, научных работников, хозяйственных руководителей, специалистов и государственных служащих. 
451 1 |0 (RuTPU)RU\TPU\book\71810  |y 5-94692-630-6  |t Рынок труда  |o учебник для вузов  |f Российская Академия Государственной службы при Президенте РФ; Под ред. В. С. Буланова, Н. А. Волгина  |e 2-е изд., перераб. и доп.  |c М.  |n Экзамен  |d 2003  |p 480 с. 
606 1 |a Труд  |x Экономика  |y Россия  |2 stltpush  |3 (RuTPU)RU\TPU\subj\37095  |9 58241 
610 1 |a экономика 
610 1 |a труд 
610 1 |a рынок 
610 1 |a трудовые ресурсы 
610 1 |a занятость 
610 1 |a спрос 
610 1 |a предложение 
610 1 |a рабочая сила 
610 1 |a цена 
610 1 |a конкуренция 
610 1 |a мобильность 
610 1 |a оплата труда 
610 1 |a модели 
610 1 |a неравенство 
610 1 |a инвестиции 
610 1 |a безработица 
610 1 |a регулирование 
610 1 |a социальное партнерство 
610 1 |a государственное регулирование 
610 1 |a минимальная оплата труда 
610 1 |a МОТ 
610 1 |a социальная защита 
610 1 |a теория 
610 1 |a учебники 
686 |a У9(2)240я73  |v LBC/SL-A  |2 rubbk 
702 1 |a Буланов  |b В. С.  |4 340 
702 1 |a Волгин  |b Н. А.  |4 340 
712 0 2 |a Российская Академия Государственной службы при Президенте РФ  |2 stltpush  |3 (RuTPU)RU\TPU\col\921 
801 1 |a RU  |b 63413507  |c 20080507  |g PSBO 
801 2 |a RU  |b 63413507  |c 20150730  |g PSBO 
900 |a Экономика труда 
900 |a Организация и нормирование труда 
900 |a Организация, нормирование и оплата труда 
900 |a Управление трудовыми ресурсами 
942 |c BK 
951 |a 521600  |b 080104  |b 080100 
959 |a 47/20080428  |d 2  |e 297,00  |f АНЛ:1  |f ЧЗГЛ:1